[Event "Asia-ch 6th"]
[Site "Cebu"]
[Date "2007.09.28"]
[Round "10"]
[White "Adianto, Utut"]
[Black "Hossain, Enamul"]
[Result "0-1"]
[WhiteElo "2583"]
[BlackElo "2485"]
[PlyCount "120"]
[EventDate "2007.09.19"]
[EventType "swiss"]
[EventRounds "11"]
[EventCountry "PHI"]
[SourceTitle "CBM 120 Extra"]
[Source "ChessBase"]
[SourceDate "2007.11.01"]
[SourceVersion "1"]
[SourceVersionDate "2007.11.01"]
[SourceQuality "1"]

1. d4 d5 2. Nf3 Nf6 3. c4 c6 4. g3 Bf5 5. Bg2 e6 6. 0-0 Nbd7 7. Qb3 Qb6 8. c5 Qa6 9. Nc3 h6 10. Nd2 b6 11. e4 dxe4 12. cxb6 Nxb6 13. Ndxe4 Nxe4 14. Nxe4 Nd5 15. Bf4 Nxf4 16. gxf4 Be7 17. Rac1 0-0 18. Rxc6 Qa5 19. Ng3 Rab8 20. Qe3 Rxb2 21. d5 Bd8 22. Nh5 Rb6 23. Qd4 f6 24. Ng3 Rxc6 25. dxc6 Bb6 26. Qc4 Kh8 27. Nxf5 Qxf5 28. Rd1 Rc8 29. a4 e5 30. Kf1 exf4 31. Qe4 Qh5 32. Rd5 Qh4 33. Rd2 Qg5 34. Bh3 f3 35. Qxf3 Rf8 36. Rd1 Qe5 37. Bf5 Qxh2 38. a5 Bxa5 39. Qg2 Qh5 40. Rd5 Re8 41. Qh3 Qxh3+ 42. Bxh3 Re1+ 43. Kg2 Bb6 44. Rd2 Rc1 45. Bd7 h5 46. Rd5 g6 47. Be8 Kg7 48. Rd7+ Kh6 49. Rd6 Re1 50. Bd7 Kg7 51. Rd2 Rc1 52. Re2 Kh6 53. Rd2 h4 54. Rd4 Kg5 55. Rd2 Rc3 56. f3 Kf4 57. Rd6 Rc2+ 58. Kh3 Bg1 59. Kxh4 Rh2+ 60. Bh3 Bf2# 0-1

[Event "Asia-ch 6th"]
[Site "Cebu"]
[Date "2007.09.25"]
[Round "7"]
[White "Adianto, Utut"]
[Black "Bagheri, Amir"]
[Result "1-0"]
[WhiteElo "2583"]
[BlackElo "2495"]
[PlyCount "93"]
[EventDate "2007.09.19"]
[EventType "swiss"]
[EventRounds "11"]
[EventCountry "PHI"]
[SourceTitle "CBM 120 Extra"]
[Source "ChessBase"]
[SourceDate "2007.11.01"]
[SourceVersion "1"]
[SourceVersionDate "2007.11.01"]
[SourceQuality "1"]

1. d4 Nf6 2. c4 e6 3. Nf3 Bb4+ 4. Nbd2 b6 5. g3 Bb7 6. Bg2 0-0 7. 0-0 d5 8. Ne5 Bd6 9. Ndf3 dxc4 10. Nxc4 Nbd7 11. Nxd6 cxd6 12. Bf4 Qe7 13. Rc1 Rfc8 14. Qa4 a5 15. Qa3 Ne8 16. Ne5 Bxg2 17. Kxg2 Ndf6 18. Nc4 Qb7+ 19. f3 d5 20. Ne5 h6 21. g4 Nh7 22. Nd3 Nf8 23. Qb3 Qa6 24. Qa3 Ng6 25. Bg3 Rxc1 26. Rxc1 Rc8 27. Qa4 b5 28. Qd1 Rxc1 29. Qxc1 b4 30. Qc5 f6 31. b3 Kf7 32. h4 h5 33. gxh5 Ne7 34. Kf2 Nf5 35. Bf4 Nxh4 36. h6 gxh6 37. Bxh6 Ng6 38. Ke1 Ne7 39. Bf4 Ng6 40. Bc7 Nxc7 41. Qxc7+ Ne7 42. Nc5 Qa8 43. Nb7 a4 44. Nd6+ Kf8 45. Kf2 axb3 46. axb3 e5 47. Qd7 1-0

[Event "Asia-ch 6th"]
[Site "Cebu"]
[Date "2007.09.24"]
[Round "6"]
[White "So, Wesley"]
[Black "Adianto, Utut"]
[Result "1/2-1/2"]
[WhiteElo "2516"]
[BlackElo "2583"]
[PlyCount "101"]
[EventDate "2007.09.19"]
[EventType "swiss"]
[EventRounds "11"]
[EventCountry "PHI"]
[SourceTitle "CBM 120 Extra"]
[Source "ChessBase"]
[SourceDate "2007.11.01"]
[SourceVersion "1"]
[SourceVersionDate "2007.11.01"]
[SourceQuality "1"]

1. e4 e5 2. Bc4 Nf6 3. d3 c6 4. Nf3 d5 5. Bb3 Bb4+ 6. Bd2 Bxd2+ 7. Nbxd2 Nbd7 8. 0-0 0-0 9. Re1 Re8 10. c3 Nc5 11. Bc2 Bg4 12. h3 Bh5 13. Qe2 Qb6 14. Rab1 Rad8 15. Qe3 Bg6 16. Nh4 Nxd3 17. Qxd3 dxe4 18. Qe2 e3 19. Bxg6 exd2 20. Bxf7+ Kxf7 21. Red1 Qa5 22. Nf3 e4 23. Qc4+ Qd5 24. Nxd2 e3 25. fxe3 Rxe3 26. Qxd5+ Rxd5 27. Nc4 Re6 28. Re1 b5 29. Rxe6 Kxe6 30. Re1+ Kd7 31. Ne5+ Kc7 32. Re2 a5 33. Nf3 Kd6 34. Kf2 b4 35. c4 Rd3 36. Ke1 a4 37. Rd2 Rxd2 38. Kxd2 Kc5 39. Kd3 Nh5 40. Ne1 Nf4+ 41. Ke3 Ne6 42. b3 axb3 43. axb3 Kd6 44. Nc2 c5 45. Ke4 g6 46. h4 Nd8 47. Ne1 Nc6 48. Nf3 h6 49. g4 Na5 50. Nd2 Nc6 51. Nf3 1/2-1/2

[Event "Asia-ch 6th"]
[Site "Cebu"]
[Date "2007.09.21"]
[Round "3"]
[White "Adianto, Utut"]
[Black "Girinath, PDS"]
[Result "1-0"]
[WhiteElo "2583"]
[BlackElo "2440"]
[PlyCount "81"]
[EventDate "2007.09.19"]
[EventType "swiss"]
[EventRounds "11"]
[EventCountry "PHI"]
[SourceTitle "CBM 120 Extra"]
[Source "ChessBase"]
[SourceDate "2007.11.01"]
[SourceVersion "1"]
[SourceVersionDate "2007.11.01"]
[SourceQuality "1"]

1. d4 f5 2. c4 Nf6 3. Nc3 g6 4. Nf3 Bg7 5. g3 0-0 6. Bg2 d6 7. 0-0 Qe8 8. d5 Na6 9. Rb1 c5 10. dxc6 bxc6 11. b4 Bd7 12. Qa4 Nc7 13. Qa5 Ne6 14. Bb2 Qd8 15. Qa3 a5 16. b5 Rc8 17. Rfd1 cxb5 18. cxb5 Kh8 19. Ba1 Qb6 20. Na4 Qb8 21. Nd4 Nxd4 22. Bxd4 Rc4 23. Be3 Rb4 24. Nc3 Ng4 25. Bd2 Rxb1 26. Rxb1 Ne5 27. Bg5 Rc8 28. Qxa5 e6 29. b6 Nc4 30. Qa7 Nxb6 31. Qxb6 Qxb6 32. Rxb6 Bxc3 33. Rxd6 Bb5 34. Bf3 Bg7 35. Rb6 Bc4 36. a4 Bd5 37. Bxd5 exd5 38. a5 h6 39. Bf4 Rc2 40. a6 Ra2 41. Rb8+ 1-0

[Event "Kuala Lumpur op 4th"]
[Site "Kuala Lumpur"]
[Date "2007.08.25"]
[Round "9"]
[White "Liew, Chee Meng Jimmy"]
[Black "Adianto, Utut"]
[Result "0-1"]
[WhiteElo "2309"]
[BlackElo "2583"]
[PlyCount "100"]
[EventDate "2007.08.20"]
[EventType "swiss"]
[EventRounds "11"]
[EventCountry "MAS"]
[SourceTitle "CBM 120 Extra"]
[Source "ChessBase"]
[SourceDate "2007.11.01"]
[SourceVersion "1"]
[SourceVersionDate "2007.11.01"]
[SourceQuality "1"]

1. e4 c5 2. Nf3 e6 3. d3 d5 4. Nbd2 Nc6 5. g3 Bd6 6. Bg2 Nge7 7. 0-0 0-0 8. Nh4 Bc7 9. f4 f5 10. e5 d4 11. a4 Nd5 12. Ndf3 Bd7 13. Kh1 Qe8 14. Ng5 Nce7 15. Qe2 h6 16. Nh3 Bc6 17. g4 fxg4 18. Qxg4 Nf5 19. Nxf5 Rxf5 20. Rg1 Qh5 21. Qg3 Raf8 22. Bd2 g5 23. Be4 Kh8 24. Qg2 Rg8 25. fxg5 Bxe5 26. Raf1 Ne3 27. Bxe3 dxe3 28. Rxf5 exf5 29. Bxc6 bxc6 30. g6 e2 31. Re1 Rxg6 32. Qxe2 Qxe2 33. Rxe2 Bxb2 34. Nf4 Rg4 35. Re8+ Kg7 36. Ne2 Rxa4 37. Re6 Ra6 38. Kg2 Bf6 39. Ng3 Kf7 40. Re2 Kg6 41. Kf3 Ra2 42. Kf4 Bg5+ 43. Ke5 f4 44. Ne4 a5 45. Rf2 a4 46. Nxc5 a3 47. Na4 Ra1 48. Kd6 Kf5 49. Kxc6 Bh4 50. Rd2 f3 0-1

[Event "Kuala Lumpur op 4th"]
[Site "Kuala Lumpur"]
[Date "2007.08.22"]
[Round "6"]
[White "Adianto, Utut"]
[Black "Khairul, Anam"]
[Result "1/2-1/2"]
[WhiteElo "2583"]
[BlackElo "2316"]
[PlyCount "100"]
[EventDate "2007.08.20"]
[EventType "swiss"]
[EventRounds "11"]
[EventCountry "MAS"]
[SourceTitle "CBM 120 Extra"]
[Source "ChessBase"]
[SourceDate "2007.11.01"]
[SourceVersion "1"]
[SourceVersionDate "2007.11.01"]
[SourceQuality "1"]

1. d4 d5 2. c4 c6 3. Nf3 Nf6 4. Nc3 e6 5. e3 Nbd7 6. Qc2 Bd6 7. e4 dxe4 8. Nxe4 Nxe4 9. Qxe4 Bb4+ 10. Bd2 Qa5 11. a3 Bxd2+ 12. Nxd2 c5 13. dxc5 Qxc5 14. b4 Qe7 15. c5 0-0 16. Bd3 Nf6 17. Qf3 Qc7 18. 0-0 Bd7 19. Ne4 Nxe4 20. Bxe4 Bc6 21. Rad1 Rfd8 22. g3 Rab8 23. Kg2 Kf8 24. Bxc6 bxc6 25. Qe4 Kg8 26. a4 Rd5 27. Rxd5 exd5 28. Qd3 h6 29. b5 cxb5 30. axb5 d4 31. Qxd4 Rxb5 32. Rc1 Qc6+ 33. f3 Rb7 34. Rc2 Rc7 35. Qc3 Rd7 36. Re2 Rc7 37. Re5 Rb7 38. Qd2 Rb5 39. Qd8+ Kh7 40. Qd3+ Kg8 41. Qd4 Rb3 42. Re3 Rb5 43. Qd8+ Kh7 44. Qd3+ g6 45. Re7 Rb2+ 46. Kh3 Qf6 47. Qe3 h5 48. Qe5 Qxe5 49. Rxe5 Rc2 50. Re7 Kg7 1/2-1/2

[Event "Kuala Lumpur op 4th"]
[Site "Kuala Lumpur"]
[Date "2007.08.22"]
[Round "5"]
[White "Constance, James"]
[Black "Adianto, Utut"]
[Result "0-1"]
[WhiteElo "2205"]
[BlackElo "2583"]
[PlyCount "88"]
[EventDate "2007.08.20"]
[EventType "swiss"]
[EventRounds "11"]
[EventCountry "MAS"]
[SourceTitle "CBM 120 Extra"]
[Source "ChessBase"]
[SourceDate "2007.11.01"]
[SourceVersion "1"]
[SourceVersionDate "2007.11.01"]
[SourceQuality "1"]

1. e4 c5 2. Nf3 e6 3. c3 d5 4. exd5 exd5 5. d4 Nc6 6. Be2 Bd6 7. 0-0 Nge7 8. dxc5 Bxc5 9. Nbd2 0-0 10. Nb3 Bb6 11. Bg5 h6 12. Bh4 g5 13. Bg3 f5 14. h3 f4 15. Bh2 Nf5 16. Nfd4 Ncxd4 17. Nxd4 Nxd4 18. cxd4 Qf6 19. Bf3 Be6 20. Qb3 Rad8 21. Rad1 Bxd4 22. Rd2 Bb6 23. Bxd5 Rxd5 24. Rxd5 Qf7 25. Rfd1 Rc8 26. Bxf4 gxf4 27. Qf3 Bxd5 28. Qg4+ Kh7 29. Qxc8 Bc6 30. Qg4 f3 31. gxf3 h5 32. Qg5 Bc7 33. Re1 Bd6 34. f4 Bxf4 35. Qe7 Qxe7 36. Rxe7+ Kg6 37. Kf1 a5 38. Ke2 a4 39. Kd3 Bg5 40. Rc7 Bf6 41. Kc2 Bg2 42. Rc4 Bxh3 43. Rxa4 Bd7 44. Ra3 h4 0-1